Score 0/20 Timer 08:00
0 Plays Today
% Correct
Game of Thrones
96.2%
Golden Girls
94.4%
Grey's Anatomy
91.9%
Glee
90.8%
Gilligan's Island
84.8%
Gilmore Girls
81.4%
George Lopez
69.8%
The Good Wife
67.6%
Gossip Girl
60.7%
Girls
58%
% Correct
Green Acres
56.6%
Gotham
55.6%
The Goldbergs
55.3%
Growing Pains
54.5%
Girl Meets World
54.2%
Gunsmoke
53%
Ghost Whisperer
52.5%
Greatest American Hero
40.5%
Grandfathered
24.1%
Grimm
19.6%
Remove Ads.
Support Sporcle.
Get the best of Sporcle when you Go Orange. This ad-free experience offers more features, more stats, and more fun while also helping to support Sporcle. Thank you for becoming a member.

You're not logged in!

Compare scores with friends on all Sporcle quizzes.
OR
Log In

Show Comments

Extras

Top Quizzes Today


Score Distribution

Your Account Isn't Verified!

In order to create a playlist on Sporcle, you need to verify the email address you used during registration. Go to your Sporcle Settings to finish the process.

Report this User

Report this user for behavior that violates our Community Guidelines.

Details: